| 000 | 00640 a2200169 4500 | ||
|---|---|---|---|
| 003 | Nust | ||
| 005 | 20170207153457.0 | ||
| 040 | _cNust | ||
| 082 | _a920 | ||
| 100 | _aRansome, Arthur | ||
| 245 |
_aOscar Wilde a Critical Study _cArthur Ransome |
||
| 260 |
_aLondon _bMethuen & co |
||
| 300 | _a234;p | ||
| 505 | _aIntroductory (Page-9), Biographical Summery (Page-24), Poems (Page-34), Aestheticism (Page-61), Misc Prose (Page-85), Intentions (Page-111), The Theatre (Page-140), Disaster (Page-166), De Profundis (Page-171), 1897-1900 (Page-194), Afterthought (Page-220). | ||
| 538 | _aAlmirah No.60 Shelf No.4 | ||
| 650 | _aLife of Oscar Wild | ||
| 942 |
_2ddc _cBK |
||
| 999 |
_c187149 _d187149 |
||